[Event "Blitz 2018"]
[Site "Saint-Petersburg"]
[Date "2018.12.29"]
[Round "5"]
[Board "7"]
[White "Alekseev Evgeny (RUS)"]
[Black "Le Quang Liem (VIE)"]
[Result "1/2-1/2"]
[LiveChessVersion "1.4.8"]
[BlackElo "2749"]
[WhiteElo "2634"]

1. e4 {[%clk 0:03:02]} c5 {[%clk 0:03:03]} 2. Nf3 {[%clk 0:03:03]} Nc6
{[%clk 0:03:04]} 3. d4 {[%clk 0:03:03]} cxd4 {[%clk 0:03:05]} 4. Nxd4
{[%clk 0:03:04]} Nf6 {[%clk 0:03:06]} 5. Nc3 {[%clk 0:03:05]} d6 {[%clk 0:03:06]}
6. Bg5 {[%clk 0:03:04]} e6 {[%clk 0:03:03]} 7. Qd2 {[%clk 0:03:03]} a6
{[%clk 0:03:01]} 8. O-O-O {[%clk 0:03:01]} Be7 {[%clk 0:02:59]} 9. f4
{[%clk 0:02:53]} Bd7 {[%clk 0:02:55]} 10. Nf3 {[%clk 0:02:45]} b5
{[%clk 0:02:55]} 11. Bd3 {[%clk 0:02:29]} b4 {[%clk 0:02:52]} 12. Ne2
{[%clk 0:02:29]} a5 {[%clk 0:02:48]} 13. Kb1 {[%clk 0:02:27]} a4 {[%clk 0:02:44]}
14. Rhg1 {[%clk 0:02:11]} Qa5 {[%clk 0:02:35]} 15. g4 {[%clk 0:01:58]} O-O
{[%clk 0:02:25]} 16. Bh4 {[%clk 0:01:51]} Rfb8 {[%clk 0:02:00]} 17. f5
{[%clk 0:01:34]} b3 {[%clk 0:01:45]} 18. cxb3 {[%clk 0:01:33]} axb3
{[%clk 0:01:42]} 19. Qxa5 {[%clk 0:01:31]} Rxa5 {[%clk 0:01:09]} 20. a3
{[%clk 0:01:33]} Ne5 {[%clk 0:00:40]} 21. Nxe5 {[%clk 0:01:30]} dxe5
{[%clk 0:00:41]} 22. Nc3 {[%clk 0:01:03]} Bc5 {[%clk 0:00:37]} 23. Rg2
{[%clk 0:00:54]} Bd4 {[%clk 0:00:38]} 24. Ne2 {[%clk 0:00:45]} Be3
{[%clk 0:00:33]} 25. Nc3 {[%clk 0:00:29]} Bc6 {[%clk 0:00:34]} 26. fxe6
{[%clk 0:00:09]} fxe6 {[%clk 0:00:35]} 27. Bc4 {[%clk 0:00:09]} Nxe4
{[%clk 0:00:32]} 28. Bxe6+ {[%clk 0:00:10]} Kh8 {[%clk 0:00:33]} 29. Re2
{[%clk 0:00:07]} Nxc3+ {[%clk 0:00:32]} 30. bxc3 {[%clk 0:00:08]} Bf3
{[%clk 0:00:33]} 31. Rxe3 {[%clk 0:00:06]} Bxd1 {[%clk 0:00:34]} 32. Kb2
{[%clk 0:00:05]} Rba8 {[%clk 0:00:30]} 33. Be7 {[%clk 0:00:05]} R5a6
{[%clk 0:00:24]} 34. Bxb3 {[%clk 0:00:05]} Bxg4 {[%clk 0:00:21]} 35. Rxe5
{[%clk 0:00:04]} Re8 {[%clk 0:00:20]} 36. a4 {[%clk 0:00:04]} Ra7
{[%clk 0:00:18]} 37. Bd6 {[%clk 0:00:05]} Rxe5 {[%clk 0:00:19]} 38. Bxe5
{[%clk 0:00:06]} h5 {[%clk 0:00:13]} 39. Ka3 {[%clk 0:00:07]} Kh7
{[%clk 0:00:13]} 40. Kb4 {[%clk 0:00:07]} Rb7+ {[%clk 0:00:13]} 41. Ka3
{[%clk 0:00:08]} Be2 {[%clk 0:00:10]} 42. Bd5 {[%clk 0:00:08]} Re7
{[%clk 0:00:08]} 43. Bg3 {[%clk 0:00:06]} g5 {[%clk 0:00:09]} 44. Kb4
{[%clk 0:00:07]} h4 {[%clk 0:00:10]} 45. Bd6 {[%clk 0:00:08]} Rd7
{[%clk 0:00:09]} 46. Kc5 {[%clk 0:00:08]} g4 {[%clk 0:00:09]} 47. a5
{[%clk 0:00:09]} Kg6 {[%clk 0:00:07]} 48. c4 {[%clk 0:00:09]} Bf3
{[%clk 0:00:07]} 49. Be6 {[%clk 0:00:08]} Ra7 {[%clk 0:00:07]} 50. Kb6
{[%clk 0:00:08]} Rb7+ {[%clk 0:00:08]} 51. Kc5 {[%clk 0:00:09]} Rb2
{[%clk 0:00:08]} 52. a6 {[%clk 0:00:09]} Ra2 {[%clk 0:00:07]} 53. Kb6
{[%clk 0:00:11]} Kf6 {[%clk 0:00:08]} 54. Bd5 {[%clk 0:00:10]} Bxd5
{[%clk 0:00:06]} 55. cxd5 {[%clk 0:00:11]} g3 {[%clk 0:00:06]} 56. hxg3
{[%clk 0:00:12]} h3 {[%clk 0:00:08]} 57. g4 {[%clk 0:00:13]} h2 {[%clk 0:00:09]}
58. Bxh2 {[%clk 0:00:14]} Rxh2 {[%clk 0:00:10]} 59. a7 {[%clk 0:00:13]} Rb2+
{[%clk 0:00:11]} 60. Kc7 {[%clk 0:00:13]} Ra2 {[%clk 0:00:11]} 61. Kb7
{[%clk 0:00:13]} Ke5 {[%clk 0:00:10]} 62. a8=Q {[%clk 0:00:11]} Rxa8
{[%clk 0:00:10]} 63. Kxa8 {[%clk 0:00:12]} Kxd5 {[%clk 0:00:11]} 1/2-1/2

[Event "Blitz 2018"]
[Site "Saint-Petersburg"]
[Date "2018.12.29"]
[Round "5"]
[Board "8"]
[White "Kovalenko Igor (LAT)"]
[Black "Jobava Baadur (GEO)"]
[Result "0-1"]
[LiveChessVersion "1.4.8"]
[BlackElo "2705"]
[WhiteElo "2693"]

1. e4 {[%clk 0:03:03]} c5 {[%clk 0:03:02]} 2. Nf3 {[%clk 0:03:03]} e6
{[%clk 0:03:02]} 3. c3 {[%clk 0:03:02]} Nf6 {[%clk 0:02:57]} 4. e5
{[%clk 0:03:03]} Nd5 {[%clk 0:02:58]} 5. d4 {[%clk 0:03:04]} cxd4
{[%clk 0:02:57]} 6. cxd4 {[%clk 0:03:05]} Nc6 {[%clk 0:02:58]} 7. Bc4
{[%clk 0:03:06]} Bb4+ {[%clk 0:02:39]} 8. Nbd2 {[%clk 0:02:44]} Qb6
{[%clk 0:02:28]} 9. Bxd5 {[%clk 0:02:34]} exd5 {[%clk 0:02:28]} 10. a3
{[%clk 0:02:32]} Be7 {[%clk 0:02:25]} 11. Nb3 {[%clk 0:01:44]} d6
{[%clk 0:02:25]} 12. O-O {[%clk 0:01:41]} Bg4 {[%clk 0:02:19]} 13. exd6
{[%clk 0:01:38]} Bxd6 {[%clk 0:02:20]} 14. Re1+ {[%clk 0:01:38]} Ne7
{[%clk 0:02:20]} 15. h3 {[%clk 0:01:35]} Bh5 {[%clk 0:02:21]} 16. Bg5
{[%clk 0:01:14]} f6 {[%clk 0:02:20]} 17. Bd2 {[%clk 0:01:14]} O-O
{[%clk 0:02:18]} 18. Ba5 {[%clk 0:01:11]} Qb5 {[%clk 0:02:06]} 19. a4
{[%clk 0:00:42]} Qd7 {[%clk 0:02:06]} 20. Nc5 {[%clk 0:00:42]} Bxc5
{[%clk 0:02:06]} 21. dxc5 {[%clk 0:00:43]} Nc6 {[%clk 0:02:07]} 22. Bc3
{[%clk 0:00:43]} d4 {[%clk 0:01:55]} 23. Bd2 {[%clk 0:00:44]} a5 {[%clk 0:01:38]}
24. Qb3+ {[%clk 0:00:36]} Bf7 {[%clk 0:01:39]} 25. Qd3 {[%clk 0:00:35]} Rfd8
{[%clk 0:01:20]} 26. Rac1 {[%clk 0:00:29]} Bd5 {[%clk 0:01:07]} 27. Nh4
{[%clk 0:00:27]} Ne5 {[%clk 0:00:58]} 28. Qg3 {[%clk 0:00:18]} Kh8
{[%clk 0:00:45]} 29. Bf4 {[%clk 0:00:15]} Nc6 {[%clk 0:00:34]} 30. Bd2
{[%clk 0:00:11]} g5 {[%clk 0:00:32]} 31. Nf3 {[%clk 0:00:11]} Qf5
{[%clk 0:00:33]} 32. Nh2 {[%clk 0:00:10]} Ne5 {[%clk 0:00:31]} 33. Rcd1
{[%clk 0:00:05]} h5 {[%clk 0:00:29]} 34. Bxg5 {[%clk 0:00:05]} Rg8
{[%clk 0:00:27]} 35. h4 {[%clk 0:00:04]} Nc6 {[%clk 0:00:25]} 36. Qf4
{[%clk 0:00:03]} Rxg5 {[%clk 0:00:22]} 0-1

[Event "Blitz 2018"]
[Site "Saint-Petersburg"]
[Date "2018.12.29"]
[Round "5"]
[Board "9"]
[White "Bilguun Sumiya (MGL)"]
[Black "Aronian Levon (ARM)"]
[Result "0-1"]
[LiveChessVersion "1.4.8"]
[BlackElo "2858"]
[WhiteElo "2469"]

1. e4 {[%clk 0:03:02]} e5 {[%clk 0:03:03]} 2. Nf3 {[%clk 0:03:02]} Nc6
{[%clk 0:03:04]} 3. Bc4 {[%clk 0:03:03]} Bc5 {[%clk 0:03:04]} 4. O-O
{[%clk 0:03:02]} Nf6 {[%clk 0:03:04]} 5. d3 {[%clk 0:03:02]} d6 {[%clk 0:02:58]}
6. a4 {[%clk 0:02:59]} a5 {[%clk 0:02:53]} 7. h3 {[%clk 0:02:50]} O-O
{[%clk 0:02:49]} 8. Bg5 {[%clk 0:02:42]} h6 {[%clk 0:02:47]} 9. Bh4
{[%clk 0:02:40]} g5 {[%clk 0:02:47]} 10. Bg3 {[%clk 0:02:41]} Nh5
{[%clk 0:02:39]} 11. Bh2 {[%clk 0:02:34]} Nf4 {[%clk 0:02:38]} 12. c3
{[%clk 0:02:30]} Qf6 {[%clk 0:02:36]} 13. Bxf4 {[%clk 0:01:35]} gxf4
{[%clk 0:02:35]} 14. Bd5 {[%clk 0:01:29]} Ne7 {[%clk 0:02:01]} 15. d4
{[%clk 0:01:26]} Ba7 {[%clk 0:02:02]} 16. Bb3 {[%clk 0:01:13]} Kh8
{[%clk 0:01:56]} 17. Kh1 {[%clk 0:01:11]} Rg8 {[%clk 0:01:39]} 18. Rg1
{[%clk 0:01:09]} Nc6 {[%clk 0:01:28]} 19. Bd5 {[%clk 0:01:05]} Ne7
{[%clk 0:00:46]} 20. Bb3 {[%clk 0:01:06]} Ng6 {[%clk 0:00:39]} 21. Qd3
{[%clk 0:00:57]} Bd7 {[%clk 0:00:26]} 22. Nbd2 {[%clk 0:00:57]} Rad8
{[%clk 0:00:17]} 23. Rad1 {[%clk 0:00:58]} Bc8 {[%clk 0:00:13]} 24. Nf1
{[%clk 0:00:51]} Rg7 {[%clk 0:00:11]} 25. N1h2 {[%clk 0:00:49]} Rdg8
{[%clk 0:00:10]} 26. Qe2 {[%clk 0:00:38]} Nh4 {[%clk 0:00:07]} 27. Qf1
{[%clk 0:00:14]} Nxg2 {[%clk 0:00:05]} 28. Rxg2 {[%clk 0:00:13]} Rxg2
{[%clk 0:00:06]} 29. Qxg2 {[%clk 0:00:13]} Rxg2 {[%clk 0:00:07]} 30. Kxg2
{[%clk 0:00:12]} exd4 {[%clk 0:00:08]} 31. cxd4 {[%clk 0:00:10]} Qg6+
{[%clk 0:00:09]} 32. Kh1 {[%clk 0:00:07]} Bxh3 {[%clk 0:00:10]} 33. Rg1
{[%clk 0:00:08]} Qxe4 {[%clk 0:00:10]} 34. Bxf7 {[%clk 0:00:07]} Be6
{[%clk 0:00:10]} 35. Bg6 {[%clk 0:00:06]} Qc6 {[%clk 0:00:08]} 36. Re1
{[%clk 0:00:04]} Bd5 {[%clk 0:00:08]} 37. Kg2 {[%clk 0:00:05]} Bxd4
{[%clk 0:00:08]} 38. Be8 {[%clk 0:00:04]} Qc2 {[%clk 0:00:08]} 39. Re7
{[%clk 0:00:05]} Qxf2+ {[%clk 0:00:08]} 0-1

[Event "Blitz 2018"]
[Site "Saint-Petersburg"]
[Date "2018.12.29"]
[Round "5"]
[Board "11"]
[White "Savchenko Boris (RUS)"]
[Black "Artemiev Vladislav (RUS)"]
[Result "0-1"]
[LiveChessVersion "1.4.8"]
[BlackElo "2825"]
[WhiteElo "2639"]

1. e4 {[%clk 0:03:03]} c5 {[%clk 0:03:00]} 2. Nf3 {[%clk 0:03:03]} d6
{[%clk 0:03:01]} 3. d4 {[%clk 0:02:58]} cxd4 {[%clk 0:03:02]} 4. Qxd4
{[%clk 0:02:59]} a6 {[%clk 0:03:03]} 5. c4 {[%clk 0:02:54]} Nf6 {[%clk 0:03:03]}
6. Bg5 {[%clk 0:02:51]} e6 {[%clk 0:02:55]} 7. Nc3 {[%clk 0:02:50]} Be7
{[%clk 0:02:56]} 8. Be2 {[%clk 0:02:46]} Qc7 {[%clk 0:02:51]} 9. O-O
{[%clk 0:02:43]} Nbd7 {[%clk 0:02:50]} 10. b4 {[%clk 0:02:38]} b6
{[%clk 0:02:49]} 11. a4 {[%clk 0:02:37]} h6 {[%clk 0:02:29]} 12. Bh4
{[%clk 0:02:36]} Ne5 {[%clk 0:02:23]} 13. Bg3 {[%clk 0:01:47]} Nfd7
{[%clk 0:02:17]} 14. Rfc1 {[%clk 0:01:39]} O-O {[%clk 0:02:10]} 15. Qd2
{[%clk 0:01:20]} a5 {[%clk 0:01:53]} 16. Nb5 {[%clk 0:00:40]} Qb8
{[%clk 0:01:54]} 17. c5 {[%clk 0:00:35]} bxc5 {[%clk 0:01:33]} 18. bxc5
{[%clk 0:00:32]} dxc5 {[%clk 0:01:35]} 19. Rab1 {[%clk 0:00:26]} Nxf3+
{[%clk 0:01:32]} 20. gxf3 {[%clk 0:00:21]} e5 {[%clk 0:01:32]} 21. f4
{[%clk 0:00:19]} exf4 {[%clk 0:00:39]} 22. Bxf4 {[%clk 0:00:20]} Bg5
{[%clk 0:00:40]} 23. Bxg5 {[%clk 0:00:20]} hxg5 {[%clk 0:00:41]} 24. Qxg5
{[%clk 0:00:16]} Ra6 {[%clk 0:00:38]} 25. Nc3 {[%clk 0:00:12]} Rb6
{[%clk 0:00:37]} 26. Rxb6 {[%clk 0:00:12]} Nxb6 {[%clk 0:00:33]} 27. Qxc5
{[%clk 0:00:12]} Qf4 {[%clk 0:00:34]} 28. Qe3 {[%clk 0:00:10]} Qxe3
{[%clk 0:00:34]} 29. fxe3 {[%clk 0:00:11]} Bd7 {[%clk 0:00:36]} 30. Nd5
{[%clk 0:00:07]} Nxa4 {[%clk 0:00:32]} 31. Rc7 {[%clk 0:00:08]} Be6
{[%clk 0:00:32]} 32. Bb5 {[%clk 0:00:07]} Nb2 {[%clk 0:00:31]} 33. Rc5
{[%clk 0:00:05]} Rb8 {[%clk 0:00:25]} 34. Nc3 {[%clk 0:00:04]} Rd8
{[%clk 0:00:18]} 35. Nd5 {[%clk 0:00:04]} a4 {[%clk 0:00:17]} 36. Bc6
{[%clk 0:00:04]} a3 {[%clk 0:00:12]} 37. Ra5 {[%clk 0:00:05]} Nc4
{[%clk 0:00:09]} 38. Ra4 {[%clk 0:00:07]} Rb8 {[%clk 0:00:07]} 39. Kf2
{[%clk 0:00:04]} Rb2+ {[%clk 0:00:06]} 40. Kg3 {[%clk 0:00:05]} a2
{[%clk 0:00:08]} 41. Nc3 {[%clk 0:00:04]} Nxe3 {[%clk 0:00:07]} 42. Kf4
{[%clk 0:00:04]} Nc2 {[%clk 0:00:07]} 43. Ra8+ {[%clk 0:00:03]} Kh7
{[%clk 0:00:09]} 44. Nxa2 {[%clk 0:00:04]} Rxa2 {[%clk 0:00:10]} 45. Rb8
{[%clk 0:00:04]} Nd4 {[%clk 0:00:08]} 46. Bd5 {[%clk 0:00:03]} Rxh2
{[%clk 0:00:11]} 0-1

[Event "Blitz 2018"]
[Site "Saint-Petersburg"]
[Date "2018.12.29"]
[Round "5"]
[Board "13"]
[White "Cheparinov Ivan (GEO)"]
[Black "Karjakin Sergey (RUS)"]
[Result "1/2-1/2"]
[LiveChessVersion "1.4.8"]
[BlackElo "2759"]
[WhiteElo "2618"]

1. Nf3 {[%clk 0:03:02]} d5 {[%clk 0:03:02]} 2. d4 {[%clk 0:03:03]} Nf6
{[%clk 0:03:03]} 3. c4 {[%clk 0:03:04]} e6 {[%clk 0:03:03]} 4. g3
{[%clk 0:03:05]} Bb4+ {[%clk 0:03:04]} 5. Bd2 {[%clk 0:03:02]} Be7
{[%clk 0:03:05]} 6. Bg2 {[%clk 0:03:03]} O-O {[%clk 0:03:05]} 7. O-O
{[%clk 0:03:03]} Nbd7 {[%clk 0:03:06]} 8. Qc2 {[%clk 0:03:02]} c6
{[%clk 0:03:04]} 9. Rd1 {[%clk 0:02:57]} b6 {[%clk 0:03:05]} 10. Bf4
{[%clk 0:02:42]} Nh5 {[%clk 0:03:04]} 11. Bd2 {[%clk 0:02:35]} Nhf6
{[%clk 0:03:04]} 12. Bf4 {[%clk 0:02:13]} Nh5 {[%clk 0:03:05]} 13. Bd2
{[%clk 0:02:14]} Bb7 {[%clk 0:02:58]} 14. Ne5 {[%clk 0:02:04]} Rc8
{[%clk 0:02:50]} 15. Nc3 {[%clk 0:02:00]} Nhf6 {[%clk 0:02:48]} 16. Bf4
{[%clk 0:01:53]} Nh5 {[%clk 0:02:45]} 17. Bd2 {[%clk 0:01:54]} a6
{[%clk 0:02:24]} 18. e4 {[%clk 0:01:48]} dxc4 {[%clk 0:02:16]} 19. Nxc4
{[%clk 0:01:45]} b5 {[%clk 0:02:12]} 20. Ne3 {[%clk 0:01:45]} c5 {[%clk 0:01:59]}
21. d5 {[%clk 0:01:44]} c4 {[%clk 0:02:00]} 22. a4 {[%clk 0:01:28]} Qb6
{[%clk 0:01:55]} 23. axb5 {[%clk 0:01:29]} axb5 {[%clk 0:01:56]} 24. Ne2
{[%clk 0:01:21]} Bc5 {[%clk 0:01:50]} 25. Ba5 {[%clk 0:01:17]} Qd6
{[%clk 0:01:48]} 26. dxe6 {[%clk 0:01:15]} Qxe6 {[%clk 0:01:49]} 27. Nd4
{[%clk 0:01:08]} Bxd4 {[%clk 0:01:44]} 28. Rxd4 {[%clk 0:01:09]} Nc5
{[%clk 0:01:44]} 29. Rad1 {[%clk 0:00:59]} Nd3 {[%clk 0:01:43]} 30. Nd5
{[%clk 0:00:53]} Nf6 {[%clk 0:01:34]} 31. Nf4 {[%clk 0:00:36]} Qa6
{[%clk 0:01:33]} 32. Nxd3 {[%clk 0:00:35]} Qxa5 {[%clk 0:01:30]} 33. Nf4
{[%clk 0:00:34]} Rfd8 {[%clk 0:01:07]} 34. Rxd8+ {[%clk 0:00:20]} Rxd8
{[%clk 0:01:09]} 35. Rxd8+ {[%clk 0:00:21]} Qxd8 36. e5 Bxg2 {[%clk 0:01:08]} 37.
Kxg2 {[%clk 0:00:23]} Nd5 {[%clk 0:01:00]} 38. Qe4 {[%clk 0:00:22]} Nxf4+
{[%clk 0:01:00]} 39. gxf4 {[%clk 0:00:22]} g6 {[%clk 0:00:57]} 40. Qc6
{[%clk 0:00:19]} Qh4 {[%clk 0:00:49]} 41. Qxb5 {[%clk 0:00:18]} Qxf4
{[%clk 0:00:45]} 42. Qe8+ {[%clk 0:00:14]} Kg7 {[%clk 0:00:46]} 43. Qe7
{[%clk 0:00:15]} g5 {[%clk 0:00:41]} 44. h3 {[%clk 0:00:13]} Kg6 {[%clk 0:00:34]}
45. Qd6+ {[%clk 0:00:11]} Kh5 {[%clk 0:00:34]} 46. Qd5 {[%clk 0:00:07]} Kh4
{[%clk 0:00:29]} 47. e6 {[%clk 0:00:08]} fxe6 {[%clk 0:00:29]} 48. Qxe6
{[%clk 0:00:09]} h5 {[%clk 0:00:28]} 49. Qe1 {[%clk 0:00:08]} g4 {[%clk 0:00:24]}
50. f3+ {[%clk 0:00:06]} Kg5 {[%clk 0:00:25]} 51. Qe7+ {[%clk 0:00:06]} Kg6
{[%clk 0:00:25]} 52. hxg4 {[%clk 0:00:06]} hxg4 {[%clk 0:00:25]} 53. Qe6+
{[%clk 0:00:05]} Kg5 {[%clk 0:00:27]} 54. Qxg4+ {[%clk 0:00:05]} 1/2-1/2

[Event "Blitz 2018"]
[Site "Saint-Petersburg"]
[Date "2018.12.29"]
[Round "5"]
[Board "14"]
[White "Pantsulaia Levan (GEO)"]
[Black "Zubov Alexander (UKR)"]
[Result "0-1"]
[LiveChessVersion "1.4.8"]
[BlackElo "2729"]
[WhiteElo "2584"]

1. c4 {[%clk 0:03:02]} c5 {[%clk 0:03:03]} 2. Nf3 {[%clk 0:03:02]} Nc6
{[%clk 0:03:02]} 3. Nc3 {[%clk 0:03:03]} g6 {[%clk 0:03:00]} 4. e3
{[%clk 0:03:03]} Nf6 {[%clk 0:03:01]} 5. d4 {[%clk 0:03:04]} cxd4
{[%clk 0:03:02]} 6. exd4 {[%clk 0:03:05]} d5 {[%clk 0:03:03]} 7. cxd5
{[%clk 0:03:04]} Nxd5 {[%clk 0:03:03]} 8. Qb3 {[%clk 0:03:05]} e6
{[%clk 0:02:42]} 9. Bb5 {[%clk 0:03:03]} Bg7 {[%clk 0:02:35]} 10. O-O
{[%clk 0:03:03]} Nxc3 {[%clk 0:02:21]} 11. bxc3 {[%clk 0:02:49]} O-O
{[%clk 0:02:21]} 12. Ba3 {[%clk 0:02:43]} Re8 {[%clk 0:02:22]} 13. Nd2
{[%clk 0:02:22]} Bd7 {[%clk 0:02:04]} 14. Ne4 {[%clk 0:02:16]} a6
{[%clk 0:01:58]} 15. Be2 {[%clk 0:01:41]} Na5 {[%clk 0:01:58]} 16. Qd1
{[%clk 0:01:33]} Bc6 {[%clk 0:01:56]} 17. Nc5 {[%clk 0:00:40]} e5
{[%clk 0:01:47]} 18. dxe5 {[%clk 0:00:17]} Bxe5 19. Bb4 Qc7 {[%clk 0:01:26]} 20.
h3 {[%clk 0:00:19]} b6 {[%clk 0:01:04]} 21. Nd3 {[%clk 0:00:17]} Bg7
{[%clk 0:01:00]} 22. Bf3 {[%clk 0:00:12]} Nc4 {[%clk 0:00:54]} 23. a4
{[%clk 0:00:04]} Bxf3 {[%clk 0:00:51]} 24. Qxf3 {[%clk 0:00:04]} Nd2
{[%clk 0:00:51]} 0-1

[Event "Blitz 2018"]
[Site "Saint-Petersburg"]
[Date "2018.12.29"]
[Round "5"]
[Board "15"]
[White "Popov Valerij (RUS)"]
[Black "Zhigalko Sergei (BLR)"]
[Result "0-1"]
[LiveChessVersion "1.4.8"]
[BlackElo "2693"]
[WhiteElo "2574"]

1. c4 {[%clk 0:03:03]} e5 {[%clk 0:03:03]} 2. g3 {[%clk 0:03:04]} Nf6
{[%clk 0:03:04]} 3. Bg2 {[%clk 0:03:05]} c6 {[%clk 0:03:04]} 4. Nf3
{[%clk 0:03:05]} e4 {[%clk 0:03:05]} 5. Nd4 {[%clk 0:03:06]} d5 {[%clk 0:03:06]}
6. cxd5 {[%clk 0:03:06]} Qxd5 {[%clk 0:03:06]} 7. Nb3 {[%clk 0:03:07]} Qe5
{[%clk 0:02:07]} 8. Nc3 {[%clk 0:02:56]} Be7 {[%clk 0:02:04]} 9. d4
{[%clk 0:02:52]} exd3 {[%clk 0:02:02]} 10. Qxd3 {[%clk 0:02:49]} O-O
{[%clk 0:01:59]} 11. Qe3 {[%clk 0:02:24]} Qc7 {[%clk 0:01:57]} 12. O-O
{[%clk 0:02:20]} Re8 {[%clk 0:01:53]} 13. Rd1 {[%clk 0:02:16]} Bg4
{[%clk 0:01:08]} 14. h3 {[%clk 0:02:09]} Bh5 {[%clk 0:01:03]} 15. Qf4
{[%clk 0:02:04]} Na6 {[%clk 0:00:54]} 16. Qxc7 {[%clk 0:01:47]} Nxc7
{[%clk 0:00:54]} 17. Na5 {[%clk 0:01:39]} Bb4 {[%clk 0:00:38]} 18. Nxb7
{[%clk 0:01:39]} Bxc3 {[%clk 0:00:39]} 19. bxc3 {[%clk 0:01:40]} Bxe2
{[%clk 0:00:40]} 20. Re1 {[%clk 0:01:36]} Ba6 {[%clk 0:00:30]} 21. Rxe8+
{[%clk 0:01:36]} Rxe8 {[%clk 0:00:31]} 22. Bf4 {[%clk 0:00:39]} Ncd5
{[%clk 0:00:22]} 23. Nc5 {[%clk 0:00:39]} Bc4 {[%clk 0:00:22]} 24. Bd2
{[%clk 0:00:32]} Re2 {[%clk 0:00:18]} 25. Rd1 {[%clk 0:00:29]} Re7
{[%clk 0:00:08]} 26. a4 {[%clk 0:00:28]} h6 {[%clk 0:00:08]} 27. Bf3
{[%clk 0:00:26]} Be2 {[%clk 0:00:07]} 28. Bxe2 {[%clk 0:00:27]} Rxe2
{[%clk 0:00:08]} 29. Kf1 {[%clk 0:00:27]} Re8 {[%clk 0:00:08]} 30. c4
{[%clk 0:00:25]} Nb6 {[%clk 0:00:08]} 31. Rc1 {[%clk 0:00:27]} Ne4
{[%clk 0:00:07]} 32. Nxe4 {[%clk 0:00:26]} Rxe4 {[%clk 0:00:08]} 33. c5
{[%clk 0:00:26]} Nxa4 {[%clk 0:00:09]} 34. Bf4 {[%clk 0:00:27]} Nb2
{[%clk 0:00:05]} 35. Bd6 {[%clk 0:00:25]} a5 {[%clk 0:00:04]} 36. Rc2
{[%clk 0:00:19]} Rb4 {[%clk 0:00:05]} 37. Re2 {[%clk 0:00:20]} a4
{[%clk 0:00:04]} 38. Re8+ {[%clk 0:00:22]} Kh7 39. Ra8 Nc4 {[%clk 0:00:06]} 40.
Ra6 {[%clk 0:00:24]} a3 {[%clk 0:00:07]} 41. Bf8 {[%clk 0:00:14]} Rb2
{[%clk 0:00:05]} 42. Kg2 {[%clk 0:00:12]} a2 {[%clk 0:00:05]} 43. Bd6
{[%clk 0:00:11]} Ne3+ {[%clk 0:00:04]} 44. Kf3 {[%clk 0:00:10]} Nd1
{[%clk 0:00:05]} 45. Be5 {[%clk 0:00:09]} Rxf2+ {[%clk 0:00:06]} 46. Ke4
{[%clk 0:00:10]} Re2+ {[%clk 0:00:06]} 47. Kd4 {[%clk 0:00:11]} Nf2
{[%clk 0:00:04]} 48. g4 {[%clk 0:00:08]} Re4+ {[%clk 0:00:05]} 0-1

[Event "Blitz 2018"]
[Site "Saint-Petersburg"]
[Date "2018.12.29"]
[Round "5"]
[Board "16"]
[White "Ponkratov Pavel (RUS)"]
[Black "Tomashevsky Evgeny (RUS)"]
[Result "1/2-1/2"]
[LiveChessVersion "1.4.8"]
[BlackElo "2602"]
[WhiteElo "2688"]

1. d4 {[%clk 0:03:02]} d5 {[%clk 0:03:02]} 2. Nf3 {[%clk 0:03:03]} c6
{[%clk 0:03:02]} 3. g3 {[%clk 0:03:01]} Bf5 {[%clk 0:02:59]} 4. Nh4
{[%clk 0:03:01]} Bg4 {[%clk 0:02:49]} 5. Bg2 {[%clk 0:03:01]} e6 {[%clk 0:02:48]}
6. h3 {[%clk 0:02:58]} Bh5 {[%clk 0:02:49]} 7. O-O {[%clk 0:02:52]} Be7
{[%clk 0:02:48]} 8. Nf3 {[%clk 0:02:52]} Nd7 {[%clk 0:02:47]} 9. c4
{[%clk 0:02:36]} Ngf6 {[%clk 0:02:48]} 10. Nc3 {[%clk 0:02:36]} O-O
{[%clk 0:02:45]} 11. cxd5 {[%clk 0:02:26]} cxd5 {[%clk 0:02:33]} 12. Ne5
{[%clk 0:02:26]} Rc8 {[%clk 0:02:11]} 13. g4 {[%clk 0:02:02]} Bg6
{[%clk 0:02:11]} 14. g5 {[%clk 0:02:03]} Ne8 {[%clk 0:02:01]} 15. Nxg6
{[%clk 0:02:03]} hxg6 {[%clk 0:02:02]} 16. e4 {[%clk 0:02:03]} Bxg5
{[%clk 0:01:36]} 17. exd5 {[%clk 0:02:03]} exd5 {[%clk 0:01:37]} 18. f4
{[%clk 0:01:56]} Bh4 {[%clk 0:01:30]} 19. f5 {[%clk 0:01:57]} gxf5
{[%clk 0:01:16]} 20. Rxf5 {[%clk 0:01:58]} Nd6 {[%clk 0:01:17]} 21. Rxd5
{[%clk 0:01:28]} Nf6 {[%clk 0:01:13]} 22. Re5 {[%clk 0:01:17]} Nc4
{[%clk 0:01:03]} 23. Re2 {[%clk 0:01:17]} Re8 {[%clk 0:00:58]} 24. Qd3
{[%clk 0:01:07]} Rxe2 {[%clk 0:00:38]} 25. Nxe2 {[%clk 0:01:08]} Qb6
{[%clk 0:00:35]} 26. b3 {[%clk 0:01:05]} Ne5 {[%clk 0:00:21]} 27. Qf5
{[%clk 0:01:06]} Re8 {[%clk 0:00:22]} 28. Ba3 {[%clk 0:00:41]} Ng6
{[%clk 0:00:23]} 29. Bc5 {[%clk 0:00:38]} Qa5 {[%clk 0:00:19]} 30. Nf4
{[%clk 0:00:11]} Qd2 {[%clk 0:00:20]} 31. Nxg6 {[%clk 0:00:10]} fxg6
{[%clk 0:00:19]} 32. Qxg6 {[%clk 0:00:05]} Qf2+ {[%clk 0:00:08]} 33. Kh1
{[%clk 0:00:07]} Re3 {[%clk 0:00:04]} 34. Rf1 {[%clk 0:00:07]} Re1
{[%clk 0:00:05]} 35. Rxe1 {[%clk 0:00:07]} Qxe1+ {[%clk 0:00:06]} 36. Kh2
{[%clk 0:00:09]} Bf2 {[%clk 0:00:07]} 37. Bxb7 {[%clk 0:00:08]} Qe3
{[%clk 0:00:06]} 38. Qg2 {[%clk 0:00:06]} Qf4+ {[%clk 0:00:05]} 39. Kh1
{[%clk 0:00:07]} Qc1+ {[%clk 0:00:06]} 40. Kh2 {[%clk 0:00:09]} Qf4+
{[%clk 0:00:07]} 41. Kh1 {[%clk 0:00:10]} Qc1+ {[%clk 0:00:05]} 42. Kh2
{[%clk 0:00:12]} 1/2-1/2